<?xml version="1.0" encoding="UTF-8"?>
<record
    xmlns:xsi="http://www.w3.org/2001/XMLSchema-instance"
    xsi:schemaLocation="http://www.loc.gov/MARC21/slim http://www.loc.gov/standards/marcxml/schema/MARC21slim.xsd"
    xmlns="http://www.loc.gov/MARC21/slim">

  <leader>01121nam a22002057a 4500</leader>
  <controlfield tag="003">OSt</controlfield>
  <controlfield tag="005">20260408092254.0</controlfield>
  <controlfield tag="008">260408b        |||||||| |||| 00| 0 ESP d</controlfield>
  <datafield tag="082" ind1=" " ind2=" ">
    <subfield code="2">9583200638</subfield>
  </datafield>
  <datafield tag="100" ind1=" " ind2=" ">
    <subfield code="a">JUAN ANTONIO OLLERO </subfield>
  </datafield>
  <datafield tag="245" ind1=" " ind2=" ">
    <subfield code="a">APRENDE INGLES  MI PRIMERA GRAMATICA  VOL3</subfield>
  </datafield>
  <datafield tag="250" ind1=" " ind2=" ">
    <subfield code="a">1RA EDICION  VOL3</subfield>
  </datafield>
  <datafield tag="260" ind1=" " ind2=" ">
    <subfield code="a">Barcelona (Espa&#xF1;a) o Bogot&#xE1; (Colombia)</subfield>
    <subfield code="b">GRUPO EDITORIAL OCEANO </subfield>
    <subfield code="c">1986 y 1987</subfield>
  </datafield>
  <datafield tag="300" ind1=" " ind2=" ">
    <subfield code="a">168 PAG</subfield>
    <subfield code="c"> 18 x 25 cm</subfield>
  </datafield>
  <datafield tag="490" ind1=" " ind2=" ">
    <subfield code="3"> tapa dura (carton&#xE9;).</subfield>
  </datafield>
  <datafield tag="520" ind1=" " ind2=" ">
    <subfield code="a">3. Elementos Clave del M&#xE9;todo Biling&#xFC;ismo guiado: Las explicaciones est&#xE1;n en espa&#xF1;ol, pero los ejercicios y ejemplos est&#xE1;n dise&#xF1;ados para forzar el pensamiento en ingl&#xE9;s. Apoyo Multimedia: Originalmente ven&#xED;a con un malet&#xED;n que inclu&#xED;a CDs o DVDs, ya que el libro enfatiza que "el ingl&#xE9;s entra por el o&#xED;do".Versatilidad: Aunque visualmente parece infantil por sus dibujos, el contenido gramatical es lo suficientemente s&#xF3;lido para adultos que empiezan desde cero.</subfield>
  </datafield>
  <datafield tag="650" ind1=" " ind2=" ">
    <subfield code="a">Fon&#xE9;tica y Pronunciaci&#xF3;n</subfield>
    <subfield code="v">Conectores</subfield>
    <subfield code="x">Verbos Modales y Auxiliares</subfield>
  </datafield>
  <datafield tag="700" ind1=" " ind2=" ">
    <subfield code="a">JUAN ANTONIO OLLERO </subfield>
  </datafield>
  <datafield tag="942" ind1=" " ind2=" ">
    <subfield code="2">ddc</subfield>
    <subfield code="c">BKA</subfield>
    <subfield code="n">0</subfield>
  </datafield>
  <datafield tag="952" ind1=" " ind2=" ">
    <subfield code="0">0</subfield>
    <subfield code="1">0</subfield>
    <subfield code="2">ddc</subfield>
    <subfield code="4">0</subfield>
    <subfield code="7">0</subfield>
    <subfield code="8">E03</subfield>
    <subfield code="a">ISUS</subfield>
    <subfield code="b">ISUS</subfield>
    <subfield code="c">Biblioteca Abierta</subfield>
    <subfield code="d">2026-04-08</subfield>
    <subfield code="e">IDIOMAS </subfield>
    <subfield code="f">0475</subfield>
    <subfield code="i">0475</subfield>
    <subfield code="l">0</subfield>
    <subfield code="o">INGLES </subfield>
    <subfield code="p">IDIOMA0475</subfield>
    <subfield code="r">2026-04-08 09:25:23</subfield>
    <subfield code="t">1</subfield>
    <subfield code="w">2026-04-08</subfield>
    <subfield code="y">BKA</subfield>
  </datafield>
  <datafield tag="999" ind1=" " ind2=" ">
    <subfield code="c">2051</subfield>
    <subfield code="d">2051</subfield>
  </datafield>
</record>
